000 00593nam a2200205Ia 4500
005 20250923145406.0
008 008 250917s9999 xx 000 0 eng d
037 _aTextual
040 _aDSWL
_beng
_cDSWL
041 _aeng
_2eng
084 _aV2:51wM79, N66
_qDSWL
100 _aSenGupta, Padmini
_9834811
245 0 _aSarojini Naidu : A biography
_c by Padmini SenGupta
260 _aBombay
_bAsia Publishing House
_c1966
300 _axi,359 p.
365 _aINR
_b26 . 0
925 _g26 . 0
942 _cTEXL
_hV2:51wM79, N66
999 _c1450803
_d1450803